| 000 | 00412nam a22001457a 4500 | ||
|---|---|---|---|
| 005 | 20200619104201.0 | ||
| 008 | 200619b xxu||||| |||| 00| 0 eng d | ||
| 082 | _a345.4 LIC | ||
| 110 |
_aLABOUR AND INDUDTRIAL CASES _96202 |
||
| 245 | _aLABOUR AND INDUDTRIAL CASES [2000] [VOL-2] APRIL TO JUNE | ||
| 260 |
_aMUMBAI _bALL INDIA REPORTER, PVT. LTD, |
||
| 300 | _a1920;p | ||
| 650 |
_aLAW _95701 |
||
| 942 | _cJRL | ||
| 999 |
_c7280 _d7278 |
||